Geology of the Monument valley-Navajo mountain region, San Juan county, Utah, (Record no. 27255)

MARC details
000 -LEADER
fixed length control field 01023cam a22002651 4500
001 - CONTROL NUMBER
control field gs 36000124
003 - CONTROL NUMBER IDENTIFIER
control field DLC
005 - DATE AND TIME OF LATEST TRANSACTION
control field 20260227111340.0
008 - FIXED-LENGTH DATA ELEMENTS--GENERAL INFORMATION
fixed length control field 780120s1936 dcuaf 000 0 eng c
010 ## - LIBRARY OF CONGRESS CONTROL NUMBER
LC control number gs 36000124
035 ## - SYSTEM CONTROL NUMBER
System control number (OCoLC)3572335
040 ## - CATALOGING SOURCE
Original cataloging agency U.S. Geological Survey
Transcribing agency UU
Modifying agency DLC
042 ## - AUTHENTICATION CODE
Authentication code premarc
050 00 - LIBRARY OF CONGRESS CALL NUMBER
Classification number QE75
Item number .B9 no. 865
086 0# - GOVERNMENT DOCUMENT CLASSIFICATION NUMBER
Classification number I19.3:865
100 1# - MAIN ENTRY--PERSONAL NAME
Personal name Baker, Arthur A.
Fuller form of name (Arthur Alan),
Dates associated with a name 1897-
245 10 - TITLE STATEMENT
Title Geology of the Monument valley-Navajo mountain region, San Juan county, Utah,
Statement of responsibility, etc. by Arthur A. Baker.
260 ## - PUBLICATION, DISTRIBUTION, ETC.
Place of publication, distribution, etc. Washington,
Name of publisher, distributor, etc. U.S. Govt. Print. Off.,
Date of publication, distribution, etc. 1936.
300 ## - PHYSICAL DESCRIPTION
Extent vi, 106 p. incl. illus., tables.
Other physical details 17 p. (incl. 2 fold. maps (in pocket) fold. diagrs.)
Dimensions 23 cm.
490 0# - SERIES STATEMENT
Series statement United States. Geological survey. Bulletin 865
500 ## - GENERAL NOTE
General note At head of title: United States Department of the Interior.
504 ## - BIBLIOGRAPHY, ETC. NOTE
Bibliography, etc. note Bibliographical foot-notes.
650 #0 - SUBJECT ADDED ENTRY--TOPICAL TERM
Topical term or geographic name entry element Geology
Geographic subdivision Utah
-- San Juan County.
740 0# - ADDED ENTRY--UNCONTROLLED RELATED/ANALYTICAL TITLE
Uncontrolled related/analytical title Monument valley-Navajo mountain region, San Juan county, Utah.

No items available.

Powered by Koha